00496nmm a2200169Ia 4500008004100000020001800041041000800059100003300067245003500100264004200135300001800177490001300195650004300208856005100251942000700302999001700309251105s9999||||xx |||||||||||||||||und|| a9788496290136 aspa aLópez de Gomara, Francisco 0aHistoria general de las Indias a[Madrid, España] :bLinkgua, c2011 a370 páginas aHistoria aHistory of the Americas: Latin America uhttps://public.digitaliapublishing.com/a/10081 cCF c89723d89723